Statistics for Greek and Roman Gods

Click here to take the quiz!

General Stats

  • This quiz has been taken 822 times
    (807 since last reset)
  • The average score is 17 of 23

Answer Stats

HintAnswer% Correct
JupiterZeus
99%
MarsAres
95%
JunoHera
94%
VenusAphrodite
93%
PlutoHades
92%
NeptunePoseidon
92%
MinervaAthena
91%
MercuryHermes
91%
Phoebus ApolloApollo
89%
DianaArtemis
87%
BacchusDionysus
85%
CeresDemeter
81%
ProserpinaPersephone
80%
VulcanHephaestus
79%
HerculesHeracles
79%
FaunusPan
76%
VestaHestia
75%
SaturnKronos
67%
NemesisNemesis
36%
TriviaHecate
32%
LetusThanatos
19%
FortunaTyche
19%
CaelusUranus
18%

Score Distribution

Percentile by Number Answered

Percent of People with Each Score

Your Score History

You have not taken this quiz since the last reset